[Event "Asia rap (Men) 16th"]
[Site "Guangzhou"]
[Date "2010.11.16"]
[Round "9"]
[White "Kakageldyev, Amanmurad"]
[Black "Murshed, Niaz"]
[Result "0-1"]
[WhiteElo "2400"]
[BlackElo "2429"]
[PlyCount "156"]
[EventDate "2010.11.13"]
[EventType "swiss (rapid)"]
[EventRounds "9"]
[EventCountry "CHN"]
[SourceTitle "EXT 2011"]
[Source "ChessBase"]
[SourceDate "2010.11.26"]
[SourceVersion "1"]
[SourceVersionDate "2010.11.26"]
[SourceQuality "1"]

1. d4 f5 2. Nf3 Nf6 3. c4 g6 4. g3 Bg7 5. Bg2 0-0 6. 0-0 d6 7. Nc3 Qe8 8. d5 a5 9. Qc2 Na6 10. a3 Nc5 11. Be3 a4 12. Nb5 Qd8 13. Rad1 Bd7 14. Nfd4 Qc8 15. Qc1 Rf7 16. Bh6 Bh8 17. Qc2 Ng4 18. Bg5 c6 19. Nc3 Ne5 20. Na2 cxd5 21. Bxd5 e6 22. Bg2 Nb3 23. Bd5 Nc5 24. Bg2 Nb3 25. e3 Qxc4 26. Qb1 d5 27. Nb4 Nxd4 28. Rxd4 Qb5 29. Rdd1 Qb6 30. Rc1 Nc4 31. Rc2 Bc6 32. Rd1 Re8 33. h3 Bg7 34. Bf4 h6 35. h4 Kh7 36. Qc1 Na5 37. Qd2 Rd7 38. g4 fxg4 39. h5 g5 40. Qd3+ Kh8 41. Bg3 Qd8 42. Qg6 Qe7 43. Nd3 Qf7 44. Ne5 Qxg6 45. hxg6 Bxe5 46. Bxe5+ Kg8 47. Bf1 Red8 48. Kg2 Nc4 49. Bg3 b5 50. Kg1 Na5 51. Be5 Nc4 52. Bg3 Kg7 53. Bd3 Rf8 54. Re2 h5 55. Rc1 h4 56. Bh2 Re8 57. Rec2 e5 58. Bf5 Rd6 59. Rd1 Bd7 60. Bd3 Bc6 61. Bxc4 bxc4 62. Rxc4 Kxg6 63. Rxg4 Kh5 64. Rb4 Bd7 65. Rc1 Rf6 66. Rc7 Bf5 67. Rxa4 Be4 68. Rc1 Ref8 69. Rf1 Rf5 70. Ra7 Bd3 71. Rd1 Bc4 72. Rd2 Kg4 73. Rc7 e4 74. a4 Kh3 75. Rh7 Rf3 76. b4 g4 77. Bg3 Rxg3+ 78. fxg3 Rf1# 0-1

[Event "Asia rap (Men) 16th"]
[Site "Guangzhou"]
[Date "2010.11.16"]
[Round "8"]
[White "Lee, Kim Hua Nicholas"]
[Black "Kakageldyev, Amanmurad"]
[Result "0-1"]
[WhiteElo "1945"]
[BlackElo "2400"]
[PlyCount "71"]
[EventDate "2010.11.13"]
[EventType "swiss (rapid)"]
[EventRounds "9"]
[EventCountry "CHN"]
[SourceTitle "EXT 2011"]
[Source "ChessBase"]
[SourceDate "2010.11.26"]
[SourceVersion "1"]
[SourceVersionDate "2010.11.26"]
[SourceQuality "1"]

1. e4 g6 2. d4 Bg7 3. Nc3 c6 4. g3 d5 5. Nge2 dxe4 6. Nxe4 Bg4 7. N4c3 Bf3 8. Rg1 Nf6 9. Qd3 Bg4 10. Bf4 Bf5 11. Qd2 0-0 12. 0-0-0 b5 13. a3 a5 14. Bg2 b4 15. Nb1 Qb6 16. h3 Na6 17. g4 Be6 18. Be5 Rfd8 19. g5 Nd5 20. Bxg7 Kxg7 21. Bxd5 Bxd5 22. Nf4 Ba2 23. a4 e5 24. Nd3 Qxd4 25. Rg4 e4 26. f3 e3 27. Qe2 Qa7 28. Re1 Re8 29. h4 Nc5 30. b3 Rad8 31. Kb2 Bxb1 32. Kxb1 Nxd3 33. cxd3 Qd7 34. Rd1 Qd5 35. Kc2 Re5 36. Rc4 0-1

[Event "Asia rap (Men) 16th"]
[Site "Guangzhou"]
[Date "2010.11.14"]
[Round "3"]
[White "Bu, Xiangzhi"]
[Black "Kakageldyev, Amanmurad"]
[Result "1-0"]
[WhiteElo "2680"]
[BlackElo "2400"]
[PlyCount "91"]
[EventDate "2010.11.13"]
[EventType "swiss (rapid)"]
[EventRounds "9"]
[EventCountry "CHN"]
[SourceTitle "EXT 2011"]
[Source "ChessBase"]
[SourceDate "2010.11.26"]
[SourceVersion "1"]
[SourceVersionDate "2010.11.26"]
[SourceQuality "1"]

1. Nf3 d5 2. d4 Nf6 3. c4 c6 4. Nc3 dxc4 5. a4 Bf5 6. Ne5 e6 7. f3 Bb4 8. Nxc4 0-0 9. Kf2 Nbd7 10. e4 Bg6 11. Be3 Qe7 12. Na2 Rfd8 13. Qb3 a5 14. Nxb4 axb4 15. Be2 c5 16. Rhd1 cxd4 17. Bxd4 Nc5 18. Bxc5 Qxc5+ 19. Qe3 Qc7 20. Qb6 Qe7 21. Kg1 h5 22. a5 h4 23. Rxd8+ Rxd8 24. Rd1 Rxd1+ 25. Bxd1 Nd7 26. Qc7 Qc5+ 27. Qxc5 Nxc5 28. Nd6 f5 29. Nxb7 Na6 30. Be2 Nc7 31. exf5 exf5 32. Nd6 Kf8 33. Bd3 Ke7 34. Bxf5 Kxd6 35. Bxg6 Kc5 36. Bd3 Kd4 37. Be2 b3 38. Kf2 g5 39. a6 Kc5 40. g3 Kb6 41. gxh4 gxh4 42. Ke3 Nd5+ 43. Kd4 Nf4 44. Bc4 Ng2 45. Ke4 Kc6 46. f4 1-0

[Event "Asia Clubs 1st"]
[Site "Al Ain"]
[Date "2008.12.26"]
[Round "2"]
[White "Kakageldyev, Amanmurad"]
[Black "Nguyen, Ngoc Truong Son"]
[Result "0-1"]
[WhiteElo "2449"]
[BlackElo "2567"]
[PlyCount "56"]
[EventDate "2008.12.25"]
[EventType "team"]
[EventRounds "7"]
[EventCountry "UAE"]
[SourceTitle "CBM 127 Extra"]
[Source "ChessBase"]
[SourceDate "2009.01.08"]
[SourceVersion "2"]
[SourceVersionDate "2009.01.28"]
[SourceQuality "1"]

1. Nf3 Nf6 2. c4 c6 3. b3 d5 4. Bb2 Bf5 5. g3 e6 6. Bg2 Nbd7 7. 0-0 h6 8. d3 Be7 9. Nbd2 0-0 10. Qc2 Bh7 11. Rac1 Re8 12. Rfe1 Bf8 13. cxd5 exd5 14. Bh3 a5 15. a3 Nc5 16. Nd4 h5 17. N2f3 Ng4 18. Qd2 Qb6 19. Rb1 Ne6 20. Nxe6 Rxe6 21. Bd4 c5 22. Ba1 Bg6 23. Bg2 Rae8 24. h3 Nf6 25. Nh4 Bh7 26. Bf3 Qd8 27. Ng2 b6 28. Nf4 Rd6 0-1

[Event "Olympiad-38"]
[Site "Dresden"]
[Date "2008.11.20"]
[Round "7"]
[White "Kakageldyev, Amanmurad"]
[Black "Rizouk, Aimen"]
[Result "1/2-1/2"]
[WhiteElo "2449"]
[BlackElo "2507"]
[PlyCount "60"]
[EventDate "2008.11.13"]
[EventType "team-swiss"]
[EventRounds "11"]
[EventCountry "GER"]
[SourceTitle "CBM 128"]
[Source "ChessBase"]
[SourceDate "2009.01.28"]
[SourceVersion "1"]
[SourceVersionDate "2009.01.28"]
[SourceQuality "1"]
[WhiteTeam "Turkmenistan"]
[BlackTeam "Algeria"]
[WhiteTeamCountry "TKM"]
[BlackTeamCountry "ALG"]

1. d4 Nf6 2. c4 e6 3. Nc3 Bb4 4. Qc2 d5 5. cxd5 exd5 6. Bg5 c5 7. a3 Bxc3+ 8. bxc3 0-0 9. Nf3 Nbd7 10. e3 Qa5 11. Bd3 cxd4 12. Bxf6 Nxf6 13. Nxd4 Bd7 14. 0-0 Rac8 15. Rfc1 Rc7 16. a4 a6 17. Qb2 Rfc8 18. Ra3 Ne4 19. Nb3 Qb6 20. a5 Qd6 21. Bxe4 dxe4 22. Nd4 h6 23. Rb3 Qd5 24. Ra1 Qg5 25. Kh1 Qd5 26. Kg1 Qg5 27. Kh1 Qd5 28. Kg1 Qg5 29. Kh1 Qd5 30. Kg1 Qg5 1/2-1/2